000 00524nam a2200181Ia 4500
999 _c23078
_d23078
003 OSt
005 20201208105523.0
008 190216s9999||||xx |||||||||||||| ||und||
020 _a9789382934851
040 _coclc
082 _a894.8124
_bKUT/C
100 _aKuttikkulam, Latheef
_92073
245 0 _aC H Ororma /
_cLatheef Kuttikkulam
260 _bOlive Publications,
_c2013.
_aKozhikode:
300 _a154p
650 _aIslamic History
942 _cBK
_2ddc
_h894.8124
_iKUT/C
_k894.8124
_mKUT/C